000 00840nam a22002177a 4500
005 20241108152256.0
010 _aENG-142607
020 _a9788194114017
_c450.00
035 _aEN-126139
037 _bDBAD
082 _a954.21
_21
245 _aBibliography and Abstracts of Papers in Flora of Uttar Pradesh and Madhya Pradesh and Chhattisgarh/
_cCompiled by Sourmen Gantait...[et.al]
250 _a1
260 _aHowrah, Kolkata
_bBotanical Survey of India
270 _aMinistry of Environment ,Forest & Climate Change, Govt. of India,3rd MSO Building, CGO Complex
_bHowrah,Kolkata
_e711103
300 _a428p.
_c24cm.(pb)
_bill.
700 _aGantait, Sourmen
_eCompiled
_973814
700 _aArisdason, W.
_eCompiled
_973816
700 _aV. Sampath Kumar
_eCompiled
_973815
942 _2ddc
_cEN
_mBIB
_h954.21
999 _c206944
_d206944